|
|
|
|
| LEADER |
01266nam a2200277 a 4500 |
| 001 |
55794981 |
| 008 |
120124s2004 enkab b 001 0 eng d |
| 020 |
|
|
|a 0194421856 (pbk.)
|
| 040 |
|
|
|a EUE
|c EUE
|d UKM
|d OBE
|d OCLCQ
|d BAKER
|d NLGGC
|d TTU
|d AZS
|d BD-DhAAL
|
| 082 |
0 |
0 |
|a 428.007
|2 22
|
| 100 |
1 |
|
|a Howatt, Anthony P. R.
|q (Anthony Philip Reid)
|
| 250 |
|
|
|a 2nd ed.
|
| 245 |
1 |
2 |
|a A history of English language teaching /
|c A.P.R. Howatt with H.G. Widdowson.
|
| 260 |
|
|
|a Oxford ;
|a New York :
|b Oxford University Press,
|c 2004.
|
| 300 |
|
|
|a xix, 417 p. :
|b ill., map ;
|c 24 cm.
|
| 490 |
0 |
|
|a Oxford applied linguistics
|
| 504 |
|
|
|a Includes bibliographical references (p. [380]-405) and index.
|
| 541 |
|
|
|e 00024371
|
| 650 |
|
0 |
|a English language
|x Study and teaching
|x History.
|
| 650 |
|
0 |
|a English language
|x Study and teaching
|x Foreign speakers
|x History.
|
| 650 |
|
0 |
|a Language and languages
|x Study and teaching
|x History.
|
| 650 |
|
0 |
|a English language
|x History.
|
| 700 |
1 |
|
|a Widdowson, H. G.
|
| 852 |
1 |
|
|a Ayesha Abed Library
|c General shelf.
|
| 999 |
|
|
|c 11820
|d 11820
|
| 952 |
|
|
|0 0
|1 0
|2 ddc
|4 0
|6 428_007000000000000_HOW
|7 0
|9 19273
|a BRACUL
|b BRACUL
|c GEN
|d 2012-01-23
|e karim International
|g 1895.25
|l 2
|o 428.007 HOW
|p 3010024371
|r 2016-08-01
|s 2016-06-02
|t 1
|w 2012-01-25
|y BK
|